000 00726nab a2200193 4500
001 244442
003 OSt
005 20250130084644.0
007 tu
008 200917s2020|||||||
040 _aDE-2950
_cDE-2950
245 0 0 _aNeue Idee - Parken am Gleis statt am Gehweg
_bPlanung. Die ersten Entwürfe zur Umgestaltung der Magistrale in Frankfurt sehen auch Veränderungen für Autofahrer und Radfahrer vor. Die Meinungen dazu bei der Vorstellung der Ideen im Kleist-Forum gingen auseinander/
_cThomas Gutke
264 _c2024
653 _aFrankfurt (Oder)
653 _aMagistrale
653 _aUmgestaltung
773 0 _g36. Jahrgang (2025) Nr. 18 vom 22.01.2025, S. 16 mit Foto
_tMärkische Oderzeitung
942 _2z
_cA
999 _c373588
_d373588